|
|
|
|
| LEADER |
00943nab#a2200313#ar4500 |
| 001 |
000072893 |
| 003 |
SVKKK |
| 005 |
20101102082256.0 |
| 008 |
080512d1908 xo |||||||||||||||b|hun |
| FMT |
|
|
|
| 038 |
|
|
|a SVKKK
|
| 040 |
|
|
|a SVKKK
|b slo
|e AACR2
|
| 041 |
0 |
|
|a hun
|
| 044 |
|
|
|a xo
|c SK
|
| 080 |
|
|
|a 616.9
|2 1981
|
| 242 |
1 |
0 |
|a Epidémia týfusu v Dlhom nad Cirochou
|y slo
|
| 245 |
1 |
0 |
|a Tifuszjárvány Cirókahoszumezőn
|
| 500 |
|
|
|a Popis z mikrofilmu
|
| 520 |
2 |
|
|a Správa o výskyte týfusu (infekčnej choroby) v Dlhom nad Cirochou v júli 1908
|
| 655 |
|
4 |
|a hungariká
|
| 650 |
0 |
4 |
|a choroby nákazlivé
|x týfus (epidémia)
|x výskyt
|z Dlhé nad Cirochou (Slovensko)
|x júl 1908
|
| 773 |
0 |
|
|t Felvidéki Hirlap : Közgazdasági, társadalmi és szépirodalmi hetilap
|g Roč. 1, č. 20 (26.07.1908) s. 3
|
| 957 |
|
|
|a Dlhé nad Cirochou
|
| 958 |
|
|
|a DG
|
| 958 |
|
|
|a HU
|
| 974 |
|
|
|a Ba
|
| 992 |
|
|
|a RBX
|
| BAS |
|
|
|
| 998 |
|
|
|a RETRO
|